000 00730nam a22001817a 4500
999 _c60972
_d60972
005 20231130154927.0
008 231130s1974 ru ||||| |||| 00| 0 rus d
041 _arus
080 _a72.03(493) Г-38
100 _aГерман, М.
_920535
245 _aАнтверпен. Гент. Брюгге :
_bГорода старой Фландрии /
_cМихаил Герман.
264 _aЛ.:
_bИскусство,
_c1974.
300 _a184 с.:
_bилл.;
_c16 см.
440 _aГорода и музеи мира
_920091
653 _aანტვერპენი. გენტი. ბრიუგე
653 _aმსოფლიოს ქალაქები და მუზეუმები
942 _2udc
_cBK